000 00588cam a22002053a 4500
001 45062
003 PGUSA
005 20140828084029.0
008 140306s2014||||xxu|||||s|||||000 | eng d
040 _aPGUSA
_beng
042 _adc
100 1 _aAnttila, Selma,
_d1867-1942
245 1 0 _aHallimajan nuoret :
_bKuvaus nykyajalta
_h[electronic resource] /
_cSelma Anttila
260 _bProject Gutenberg,
_c2014
506 _aPublic domain in the USA.
516 _aElectronic text
830 0 _aProject Gutenberg
_v45062
856 4 0 _uhttp://www.gutenberg.org/ebooks/45062
942 _cEB
999 _c274313
_d274313